000 00286nam a22001337a 4500
999 _c532983
_d532983
003 NUST
038 _aM.Ramzan
082 _a891.4393
_bRAH
100 _aRahat, M.A.
_926632
245 _aSheteer /
260 _aLahore:
_bElm Dost Publication,
300 _a288 p, :
942 _2ddc
_cBK